7 Ensayos sobre Arturo Alessandri Palma
Salvato in:
| Autori principali: | , , , , , , , |
|---|---|
| Natura: | Libro |
| Lingua: | spagnolo |
| Pubblicazione: |
Santiago, Chile
Instituto Chileno de Estudios Humanísticos
1979
|
| Soggetti: | |
| Tags: |
Aggiungi Tag
Nessun Tag, puoi essere il primo ad aggiungerne!!
|
MARC
| LEADER | 00000nam a2200000 a 4500 | ||
|---|---|---|---|
| 001 | UCX2010 | ||
| 003 | CL-VaPUC | ||
| 005 | 20221110143933.0 | ||
| 008 | 901218e19790000CL |||||||||||||||||spa|d | ||
| 999 | |c 223121 |d 223119 | ||
| 040 | |c Pontificia Universidad Católica de Valparaíso | ||
| 082 | 0 | 4 | |a 983.06 ORR 1979 |2 21 |
| 100 | |a Orrego Vicuña, Claudio |e autor |9 401892 | ||
| 245 | 1 | 0 | |a 7 Ensayos sobre Arturo Alessandri Palma |
| 260 | |a Santiago, Chile |b Instituto Chileno de Estudios Humanísticos |c 1979 | ||
| 300 | |a 464 páginas | ||
| 583 | |a last modification |c 20190718 12:13:21 |k Rodrigo Vera | ||
| 600 | 0 | |a Alessandri Palma, Arturo |9 268143 | |
| 650 | 0 | |a Historia |9 255047 | |
| 700 | 0 | |a Serrano Pérez, Sol Anunziata |e author |9 317767 | |
| 700 | 0 | |a Cruz Barros, Nicolás |e author |9 317768 | |
| 700 | 0 | |a Krzeminski Font, Virginia Josefina |e author |9 317769 | |
| 700 | |a González Ransanz, Juan Carlos |e author |9 438251 | ||
| 700 | 0 | |a Aylwin Oyarzún, Mariana |e author |9 317771 | |
| 700 | 0 | |a Alamos Varas, María Ignacia |e author |9 317772 | |
| 700 | 0 | |a Correa Sutil, Sofía |e author |9 317773 | |
| 852 | |a BIBCUR | ||
| 942 | |c BK |2 ddc | ||
| 945 | |d 19901218 00:00:00 | ||
| 952 | |0 0 |1 0 |2 ddc |4 0 |6 983_060000000000000_ORR_1979 |7 0 |8 A |9 218618 |a BIBHIS |b BIBHIS |d 2019-11-15 |i 2874210 |l 4 |o 983.06 ORR 1979 |p 2874210 |r 2025-01-20 |s 2023-05-18 |t 3 |w 2019-11-15 |y BK |k HIS | ||
| 952 | |0 0 |1 0 |2 ddc |4 0 |6 983_060000000000000_ORR_1979 |7 0 |8 A |9 218619 |a BIBHIS |b BIBHIS |d 2019-11-15 |i 2874229 |l 1 |o 983.06 ORR 1979 |p 2874229 |r 2025-01-20 |s 2023-05-18 |t 4 |w 2019-11-15 |y BK |k HIS | ||
| 952 | |0 0 |1 0 |2 ddc |4 0 |6 983_060000000000000_ORR_1979 |7 0 |8 P |9 218620 |a BIBDER |b BIBDER |d 2019-11-15 |i 1798685 |o 983.06 ORR 1979 |p 1798685 |r 2023-01-25 |t 1 |w 2019-11-15 |y BK |k DER | ||
| 952 | |0 0 |1 0 |2 ddc |4 0 |6 983_060000000000000_ORR_1979 |7 0 |8 DER_HDC |9 218621 |a BIBDER |b BIBDER |d 2019-11-15 |i 3923258 |o 983.06 ORR 1979 |p 3923258 |r 2019-11-15 |t 2 |w 2019-11-15 |x Ubicación 4to Piso |y BK |z Estos recursos deben solicitarse con anticipación |k DER | ||